Statystyki dla Zagraniczni żużlowcy występujący w Unii Tarnów

Kliknij tutaj aby rozwiązać quiz!

Ogólne statystyki

  • Ten quiz został rozwiązany 192 razy
    (90 od ostatniego zresetowania)
  • Średni wynik to 21 z 58

Statystyki odpowiedzi

NarodowośćLata startówOdpowiedź% Poprawnych
USA2012, 2014Greg Hancock
86%
Słowacja2010-15Martin Vaculik
86%
Dania2011-13, 2015-16Leon Madsen
78%
Dania2018Nicki Pedersen
77%
Szwecja2007-08,17,19-20,22Peter Ljung
73%
Rosja2013-14Artem Łaguta
70%
Dania2009-11Bjarne Pedersen
70%
Dania2015-18Kenneth Bjerre
59%
Szwecja1994-96, 2004-06Tony Rickardsson
59%
Finlandia2022Tero Aarnio
56%
Australia2022Troy Batchelor
56%
Dania2022Kenneth Hansen
55%
Dania2018Peter Kildemand
53%
Norwegia1997-98, 2007Rune Holta
52%
Czechy2008Ales Dryml
47%
Szwecja2011Fredrik Lindgren
47%
Czechy2006Lukas Dryml
47%
Rosja2015, 2018-19Wiktor Kułakow
47%
Dania2021Niels Kristian Iversen
45%
Dania2016-17Mikkel Michelsen
44%
Wielka Brytania2005-06Scott Nicholls
42%
Szwecja2020-21Kim Nilsson
41%
Australia2021Rohan Tungate
41%
Dania2022William Drejer
41%
Dania2009-10Jesper Monberg
38%
Dania2008-10, 2013Patrick Hougaard
34%
Szwecja2021Alexander Woentin
31%
Dania2008-09Peter Juul Larsen
30%
Szwecja2003Peter Karlsson
30%
Szwecja2014Jacob Thorssell
28%
Niemcy2008-09Tobias Busch
27%
Wielka Brytania2002-03David Howe
25%
Rosja2002-03Siergiej Darkin
25%
Czechy1990-91Zdenek Schneiderwind
25%
Bułgaria1997-2000Georgi Petranov
23%
Nowa Zelandia1991Mitch Shirra
23%
Węgry1995Robert Nagy
22%
Czechy2007Hynek Stichauer
20%
Wielka Brytania1993Joe Screen
20%
Finlandia1992Kai Niemi
19%
Wielka Brytania1992Simon Wigg
19%
Wielka Brytania1997Andy Smith
17%
Rosja2007-08Danił Iwanow
17%
Dania1992-94Gert Handberg
17%
Australia2008Kevin Doolan
17%
Czechy1998, 2000-01Marian Jirout
17%
Rosja1992Rinat Mardanszin
17%
Ukraina2000Aleksander Latosinski
16%
Wielka Brytania1991Jeremy Doncaster
16%
Wielka Brytania2009James Wright
14%
Czechy1990-91Lubomir Jedek
14%
Czechy2000Michal Makovsky
14%
Rosja2001Grigorij Charczenko
13%
Czechy2000Petr Vandirek
13%
USA1996Ronnie Correy
13%
Chorwacja2001-02Zlatko Krznaric
13%
Słowacja1990Gaspar Forgac
9%
Węgry1993-94Zsolt Boeszormenyi
9%

Rozkład punktacji

Percentyl według liczby udzielonych odpowiedzi

Procent ludzi z każdym wynikiem

Twoja historia wyników

Nie rozwiązałeś tego quizu od ostatniego zresetowania